|
|
|
|
| LEADER |
00997nam a2200241 u 4500 |
| 001 |
10116574 |
| 003 |
upatras |
| 005 |
20210225122252.0 |
| 008 |
150618s1972 us eng |
| 040 |
|
|
|a GR-PaULI
|c GR-PaULI
|
| 041 |
0 |
|
|a eng
|
| 082 |
0 |
4 |
|a 629.836
|
| 100 |
1 |
|
|a Aggarwal, J. K.
|q (Jagdishkumar Keshoram),
|d 1936-
|4 aut
|9 114167
|
| 245 |
1 |
0 |
|a Notes on nonlinear systems
|c by J. K. Aggarwal
|
| 260 |
|
|
|a New York
|b Van Nostrand Reinhold
|c 1972
|
| 300 |
|
|
|a vi, 214 σ.
|b σχήμ.
|c 20 εκ.
|
| 504 |
|
|
|a Περιλαμβάνει βιβλιογραφία και ευρετήριο
|
| 650 |
|
4 |
|a Μη γραμμικά συστήματα
|9 29076
|
| 852 |
|
|
|a GR-PaULI
|b ΠΑΤΡΑ
|b ΒΚΠ
|b ΒΣ1
|k ΑΣΧΞ
|h 629.836 AGG
|m 132476
|p 025000249033
|t 1
|
| 942 |
|
|
|2 ddc
|c BK15
|
| 952 |
|
|
|0 0
|1 0
|4 0
|6 629_836000000000000_AGG
|7 0
|9 180375
|a LISP
|b LISP
|c BSC
|d 2016-04-24
|i 132476
|l 0
|o 629.836 AGG
|p 025000249033
|r 2016-04-24 00:00:00
|t 1
|w 2016-04-24
|y BK15
|
| 998 |
|
|
|c ΒΑΣΙΛΕΙΟΥ
|d 2015-06
|
| 999 |
|
|
|c 111511
|d 111511
|